| 000 | 01151cam a22001814a 4500 | ||
|---|---|---|---|
| 005 | 20250605164355.0 | ||
| 008 | 250528s ||||||||||||||||||||||||d | ||
| 035 | _a24312 | ||
| 040 |
_aGR-AtMCL _bgre _dGR-AtMCL _eAACR2 |
||
| 245 | 1 | _aΟι Διδάκτορε στην Ελλάδα: Σταδιοδρομία και Κινητικότητα | |
| 260 |
_bΚαινοτομία Έρευνα Και Τεχνολογία, _c2015 |
||
| 300 | _a32 | ||
| 520 | _aΤο Internet of Things στην Ελλάδα: Νέες Δυνατότητες για Χρηματοδότηση και Συνεργασίες και Δικτύωση, Παρουσιάστηκε το Ψηφιακό Αποθετήριο της Υπηρεσίας Συντήρησης Μνημείων Ακρόπολης, Διεθνής Διάκριση για το Πρωτοποριακό phone-drone του Πολυτεχνείου Κρήτης, Ελλάδα και Γερμανία Ενισχύουν τη Συνεργασία τους στην Έρευνα και Καινοτομία. | ||
| 700 | 1 |
_aΣαχίνη Εύη _99352 |
|
| 942 | _cCR | ||
| 999 |
_c9201 _d9201 |
||